000 00361nam a2200133 i 4500
001 bg
100 1 _aWIDERSZPIL, Stanisław
245 0 _aRefleksje nad rozwojem współczesnego społeczeństwa polskiego /
_cStanisław Widerszpil.
260 _aWarszawa,
_c1979.
040 _cBPK
041 _apol
942 _cKS
008 s pl f |000 0 pol
999 _c21519
_d21519
856 _uhttp://koha.tu.koszalin.pl/cgi-bin/koha/opac-detail.pl?biblionumber=21519
_yKatalog online BPK